Prokofiev
Guardat en:
| Autor principal: | |
|---|---|
| Format: | Llibre |
| Idioma: | espanyol |
| Publicat: |
Buenos Aires
Schapire
1960
|
| Col·lecció: | Colección Los Grandes Músicos
|
| Matèries: | |
| Etiquetes: |
Afegir etiqueta
Sense etiquetes, Sigues el primer a etiquetar aquest registre!
|
MARC
| LEADER | 00000nam a2200000 a 4500 | ||
|---|---|---|---|
| 001 | UCW2403 | ||
| 003 | CL-VaPUC | ||
| 005 | 20231113093317.0 | ||
| 008 | 891120e19600000AG |||||||||||||||||spa|d | ||
| 999 | |c 216953 |d 216951 | ||
| 040 | |c Pontificia Universidad Católica de Valparaíso | ||
| 082 | 0 | 4 | |a 780.92 NES 1960 |2 21 |
| 100 | |a Nestyev, Israel V. |e autor |9 457839 | ||
| 245 | 1 | 0 | |a Prokofiev |
| 260 | |a Buenos Aires |b Schapire |c 1960 | ||
| 300 | |a 218 p | ||
| 490 | 0 | |a Colección Los Grandes Músicos | |
| 583 | |a last modification |c 19891120 00:00:00 |k Rodrigo Vera | ||
| 600 | 1 | 7 | |a Prokófiev, Serguéi Serguéievich |9 606771 |d 1891-1953 |e Compositor |
| 650 | 0 | |a Compositores rusos |9 329355 | |
| 650 | 0 | |a Biografías |9 255210 | |
| 650 | 0 | |a Pianistas |9 306502 | |
| 942 | |c BK |2 ddc | ||
| 945 | |d 19891120 00:00:00 | ||
| 952 | |0 0 |1 0 |4 0 |6 780_920000000000000_NES_1960 |7 0 |8 A |9 203384 |a BIBEDU |b BIBEDU |d 2019-11-15 |i 2706326 |o 780.92 NES 1960 |p 2706326 |r 2023-01-12 |w 2019-11-15 |y BK |k MUS | ||